| 000 | 00371cam a22001097a 4500 | ||
|---|---|---|---|
| 008 | 180718b1970 xxu||||| |||| 00| 0 eng d | ||
| 082 | _aB5x71 C16 | ||
| 245 |
_aCanadian system of Government _cby Department of the Secretary of State |
||
| 260 |
_aOttawa _bDepartment of the Secretary of State _c1970 |
||
| 300 | _a53p. | ||
| 700 | _aCanada. Department of the Secretary of State | ||
| 999 |
_c488372 _d488372 |
||